[Event "26th Hoogeveen op"]
[Site "Hoogeveen NED"]
[Date "2023.10.26"]
[Round "7.13"]
[White "Labruyere, Roger"]
[Black "Goudriaan, Rafael"]
[Result "1-0"]
[WhiteElo "2148"]
[BlackElo "2153"]
[EventDate "2023.10.21"]
[PlyCount "109"]

1.e4 c5 2.Nf3 d6 3.d4 cxd4 4.Nxd4 Nf6 5.Nc3 a6 6.g3 e5 7.Nb3 Be7 8.a4 Be6 
9.Bg2 Nbd7 10.O-O Rc8 11.Re1 O-O 12.a5 Nc5 13.Nxc5 Rxc5 14.Na4 Rxa5 15.Bd2
Rb5 16.b3 d5 17.Nc3 Rc5 18.Nxd5 Nxd5 19.exd5 Rxd5 20.Bxd5 Qxd5 21.c4 Qc6 
22.Qe2 Qc8 23.Rac1 Rd8 24.Ba5 Rd4 25.Qxe5 Rd3 26.Re3 Rxe3 27.Qxe3 Bc5 28.
Qe5 f6 29.Qc7 Qxc7 30.Bxc7 Kf7 31.Bf4 Ke7 32.Be3 Bb4 33.f3 Kd7 34.Rd1+ Kc6
35.Rd8 Be7 36.Rh8 h6 37.Re8 Kd7 38.Rb8 Kc6 39.Bf4 Bf5 40.Rg8 Bc5+ 41.Kg2 
g5 42.Bd2 Bd4 43.Rh8 Bc2 44.b4 Bb3 45.Rxh6 Bxc4 46.Bxg5 Kb5 47.Bxf6 Be3 
48.Rh7 Bd5 49.Bc3 Kc4 50.Be1 Bc6 51.Re7 Kd3 52.Bf2 Bd2 53.Bc5 Kc4 54.Re2 
Bc3 55.Bd6 1-0

[Event "26th Hoogeveen op"]
[Site "Hoogeveen NED"]
[Date "2023.10.26"]
[Round "7.14"]
[White "Van Rootselaar, Rik"]
[Black "Arnold, Rhys"]
[Result "0-1"]
[WhiteElo "2015"]
[BlackElo "2087"]
[EventDate "2023.10.21"]
[PlyCount "154"]

1.d4 d5 2.c4 e6 3.Nf3 Nf6 4.g3 dxc4 5.Bg2 Nc6 6.Qa4 Bb4+ 7.Bd2 Nd5 8.Qb5 
Bxd2+ 9.Nbxd2 c3 10.bxc3 Nxc3 11.Qd3 Nd5 12.O-O O-O 13.e4 Nb6 14.Rfd1 Qe7 
15.Rac1 Bd7 16.Nb3 Nb4 17.Qd2 Ba4 18.Ne5 f6 19.Nd3 Bxb3 20.axb3 Nxd3 21.
Qxd3 Rad8 22.Qc3 c6 23.Qa5 Nc8 24.d5 b6 25.Qa4 c5 26.Bh3 exd5 27.exd5 f5 
28.Rc3 Qf7 29.Rcd3 Nd6 30.Qh4 Rde8 31.Qa4 Re4 32.Qc6 Qe7 33.Kg2 Rc8 34.
Qxc8+ Nxc8 35.d6 Nxd6 36.Rxd6 Rd4 37.R1xd4 cxd4 38.Rxd4 g6 39.g4 fxg4 40.
Bxg4 Qg5 41.Kf3 h5 42.Be6+ Kf8 43.h4 Qe5 44.Re4 Qc3+ 45.Kf4 b5 46.Bd5 Qd2+
47.Ke5 Ke7 48.f3 a5 49.f4 Qc3+ 50.Rd4 Qb2 51.Bc6 Qxb3 52.Rd7+ Kf8 53.Rd8+ 
Kg7 54.Rd7+ Kh6 55.Be4 Qc3+ 56.Ke6 Qc4+ 57.Ke5 Qc5+ 58.Ke6 Qf2 59.Rf7 Qxh4
60.Rf6 Qg4+ 61.Kf7 Qd7+ 62.Kf8 Qc8+ 63.Ke7 Qc5+ 64.Ke8 Qg1 65.f5 b4 66.
fxg6 b3 67.Re6 Qg5 68.Kf7 Qf4+ 69.Kg8 Qb8+ 70.Kf7 Qc7+ 71.Re7 Qd8 72.Re6 
Qd7+ 73.Re7 Qd4 74.Re6 Qg7+ 75.Ke8 a4 76.Ra6 a3 77.Bd5 a2 0-1

[Event "26th Hoogeveen op"]
[Site "Hoogeveen NED"]
[Date "2023.10.26"]
[Round "7.15"]
[White "Nijdam, Brian"]
[Black "Vogel, Jaap"]
[Result "1-0"]
[WhiteElo "1918"]
[BlackElo "2106"]
[EventDate "2023.10.21"]
[PlyCount "58"]

1.d4 e6 2.Nc3 d5 3.Bf4 Bd6 4.e3 Nf6 5.Nf3 Bxf4 6.exf4 c5 7.dxc5 Qa5 8.Bd3 
Qxc5 9.O-O Nc6 10.Re1 O-O 11.Ne5 b6 12.Re3 g6 13.Rh3 Kg7 14.Qd2 Ng8 15.Re1
Nce7 16.Nb5 a5 17.a3 Nc6 18.Be2 Nxe5 19.fxe5 Bd7 20.Nd6 b5 21.Rc3 Qb6 22.
Nxb5 Bxb5 23.Rb3 Qc7 24.Rxb5 Qxe5 25.c4 Rfd8 26.Bf3 Qf5 27.cxd5 Nf6 28.
Rxa5 Rxa5 29.Qxa5 Rd6 1-0

[Event "26th Hoogeveen op"]
[Site "Hoogeveen NED"]
[Date "2023.10.26"]
[Round "7.16"]
[White "Zecha, Oscar"]
[Black "Boersma, Jan"]
[Result "1-0"]
[WhiteElo "1838"]
[BlackElo "1997"]
[EventDate "2023.10.21"]
[PlyCount "111"]

1.e4 c5 2.Nf3 g6 3.d4 cxd4 4.Nxd4 Nc6 5.c4 Nf6 6.Nc3 Bg7 7.Be3 O-O 8.Be2 
b6 9.O-O Bb7 10.f3 Qb8 11.Qd2 Rd8 12.f4 d6 13.Bf3 e6 14.Qf2 Na5 15.b3 Rd7 
16.Rad1 Qf8 17.g4 Rad8 18.f5 exf5 19.gxf5 Re8 20.Qh4 h6 21.fxg6 fxg6 22.
Nd5 Rf7 23.Nxf6+ Rxf6 24.Bg2 Rxf1+ 25.Rxf1 Qe7 26.Qxe7 Rxe7 27.Re1 Be5 28.
Rd1 Kg7 29.Nb5 Bc8 30.Nxd6 Bg4 31.Rd5 Nc6 32.Nb5 Bf6 33.Rd6 Re6 34.Rxe6 
Bxe6 35.Kf2 Be5 36.h3 g5 37.Ke2 Kf6 38.Kd2 h5 39.Nc3 Bf4 40.Bxf4 gxf4 41.
Ne2 Ke5 42.Ng1 Nd4 43.h4 Bg4 44.Kd3 f3 45.Bf1 a5 46.Ke3 Nc2+ 47.Kd2 Nd4 
48.Kd3 Ne6 49.Ke3 Nd4 50.Bd3 Nc6 51.Nxf3+ Bxf3 52.Kxf3 Kd4 53.Be2 Kc3 54.
Ke3 Kb2 55.Bxh5 Kxa2 56.Be8 1-0

[Event "26th Hoogeveen op"]
[Site "Hoogeveen NED"]
[Date "2023.10.26"]
[Round "7.17"]
[White "Boer, Alef"]
[Black "Duchene, Rene"]
[Result "1/2-1/2"]
[WhiteElo "2058"]
[BlackElo "2065"]
[EventDate "2023.10.21"]
[PlyCount "44"]

1.e4 c5 2.Nf3 Nc6 3.b4 cxb4 4.d4 d5 5.exd5 Qxd5 6.c4 Qd8 7.d5 Nb8 8.Qa4+ 
Qd7 9.Qxb4 e6 10.Qb3 Bc5 11.Nc3 Nf6 12.Be2 O-O 13.O-O exd5 14.cxd5 Qf5 15.
Bg5 Nbd7 16.Rad1 Ne5 17.Bh4 Ne4 18.Nxe5 Qxe5 19.Nxe4 Qxe4 20.Qc4 Qxc4 21.
Bxc4 Bd7 22.d6 b5 1/2-1/2

[Event "26th Hoogeveen op"]
[Site "Hoogeveen NED"]
[Date "2023.10.27"]
[Round "8.1"]
[White "Schoorl, Rob"]
[Black "Lodici, Lorenzo"]
[Result "0-1"]
[WhiteElo "2357"]
[BlackElo "2537"]
[EventDate "2023.10.21"]
[PlyCount "84"]

1.Nf3 c5 2.g3 Nc6 3.Bg2 g6 4.c4 Bg7 5.Nc3 d6 6.O-O e5 7.d3 Nge7 8.a3 a5 9.
Rb1 O-O 10.Bg5 f6 11.Bd2 Be6 12.Ne1 Bf7 13.Nc2 d5 14.cxd5 Nxd5 15.Nxd5 
Bxd5 16.Bxd5+ Qxd5 17.Ne3 Qe6 18.Rc1 b6 19.a4 f5 20.Nc4 Rab8 21.Bc3 Kh8 
22.Qb3 Rfe8 23.Nd2 Qd7 24.Qc4 Re6 25.Rcd1 Rf8 26.Qb5 Rb8 27.Qc4 g5 28.g4 
Nd4 29.e3 fxg4 30.exd4 cxd4 31.Ne4 dxc3 32.Nxg5 Rf6 33.bxc3 Rc8 34.Qb3 Qe7
35.Rfe1 Rcf8 36.Re2 Rh6 37.Ne4 Qh4 38.f3 gxf3 39.Rf2 Rg6+ 40.Kh1 Bh6 41.
Qd5 Qh5 42.Nd6 Rg2 0-1

[Event "26th Hoogeveen op"]
[Site "Hoogeveen NED"]
[Date "2023.10.27"]
[Round "8.2"]
[White "Zwirs, Nico"]
[Black "Van Dael, Siem"]
[Result "1/2-1/2"]
[WhiteElo "2451"]
[BlackElo "2321"]
[EventDate "2023.10.21"]
[PlyCount "118"]

1.e4 c5 2.Nc3 d6 3.Bb5+ Bd7 4.Bxd7+ Qxd7 5.Nge2 Nc6 6.d4 cxd4 7.Nxd4 g6 8.
Nxc6 bxc6 9.b3 Bg7 10.Bb2 Nf6 11.Qe2 Qg4 12.Qxg4 Nxg4 13.h3 Nf6 14.O-O-O 
Nd7 15.Na4 O-O 16.Rhe1 Nb6 17.Bxg7 Kxg7 18.Nb2 Rfd8 19.Re3 Rac8 20.Rc3 c5 
21.Nc4 Nxc4 22.Rxc4 Kf8 23.Kb2 f6 24.Kc3 g5 25.a3 Rc7 26.h4 h6 27.hxg5 
hxg5 28.Rh1 Kf7 29.g3 Ke6 30.Kd3 d5 31.exd5+ Rxd5+ 32.Kc3 Re5 33.Rd1 Rc6 
34.Ra4 a6 35.Rd3 f5 36.f4 gxf4 37.gxf4 Re4 38.Rc4 Rc8 39.Rh3 Kd5 40.Rd3+ 
Ke6 41.Rd1 Re3+ 42.Kd2 Rf3 43.Re1+ Kd6 44.Re3 Rxe3 45.Kxe3 e5 46.Ra4 Rc6 
47.fxe5+ Kxe5 48.Ra5 f4+ 49.Kf3 Kd4 50.Ra4+ c4 51.Kxf4 Kc3 52.bxc4 Rxc4+ 
53.Rxc4+ Kxc4 54.Ke5 Kc3 55.Kd5 Kxc2 56.Kc4 Kb2 57.Kb4 a5+ 58.Ka4 Ka2 59.
Kxa5 Kxa3 1/2-1/2

[Event "26th Hoogeveen op"]
[Site "Hoogeveen NED"]
[Date "2023.10.27"]
[Round "8.3"]
[White "De Winter, Arthur"]
[Black "Krishnan, Ritvik"]
[Result "1-0"]
[WhiteElo "2397"]
[BlackElo "2176"]
[EventDate "2023.10.21"]
[PlyCount "57"]

1.e4 e6 2.d4 d5 3.Nc3 Nf6 4.e5 Nfd7 5.f4 c5 6.Nf3 Be7 7.Be3 b6 8.Qd2 Nc6 
9.Bd3 O-O 10.h4 f5 11.h5 Bb7 12.Rg1 cxd4 13.Nxd4 Nxd4 14.Bxd4 Nc5 15.O-O-O
Ne4 16.Qe3 Rc8 17.g4 Nxc3 18.bxc3 Ba3+ 19.Kd2 fxg4 20.Rxg4 Kh8 21.f5 Bc5 
22.Rdg1 Rc7 23.h6 Rg8 24.hxg7+ Rcxg7 25.Rxg7 Rxg7 26.Rxg7 Kxg7 27.f6+ Kh8 
28.Bxc5 bxc5 29.Qxc5 1-0

[Event "26th Hoogeveen op"]
[Site "Hoogeveen NED"]
[Date "2023.10.27"]
[Round "8.4"]
[White "Elgersma, Onno"]
[Black "Kazarjan, Gachatur"]
[Result "1-0"]
[WhiteElo "2266"]
[BlackElo "1970"]
[EventDate "2023.10.21"]
[PlyCount "41"]

1.e4 c5 2.Nf3 d6 3.Nc3 Nf6 4.e5 dxe5 5.Nxe5 g6 6.Bc4 e6 7.Bb5+ Nbd7 8.Qf3 
Qe7 9.d4 cxd4 10.Bg5 dxc3 11.Bxf6 cxb2 12.O-O bxa1=Q 13.Rxa1 Qc5 14.Qxb7 
Qd5 15.Qxd5 exd5 16.Nxd7 Bxd7 17.Re1+ Be7 18.Rxe7+ Kf8 19.Rxd7 Rg8 20.Bc6 
Rb8 21.h4 1-0

[Event "26th Hoogeveen op"]
[Site "Hoogeveen NED"]
[Date "2023.10.27"]
[Round "8.5"]
[White "Maatman, Nick"]
[Black "Paltrinieri, Nicholas"]
[Result "1-0"]
[WhiteElo "2382"]
[BlackElo "2344"]
[EventDate "2023.10.21"]
[PlyCount "87"]

1.e4 g6 2.d4 Bg7 3.Nf3 d6 4.Be2 a6 5.c4 Nd7 6.Nc3 c6 7.O-O b5 8.h3 Qc7 9.
Re1 Bb7 10.Bf1 b4 11.Na4 c5 12.d5 Ngf6 13.Bf4 O-O 14.Bh2 Ne5 15.Nd2 g5 16.
Nf3 Nxf3+ 17.Qxf3 Nd7 18.Qh5 h6 19.f4 Nf6 20.Qf3 Nh7 21.Rad1 Rad8 22.b3 e6
23.Kh1 Bc8 24.e5 exd5 25.cxd5 Qa7 26.exd6 g4 27.hxg4 Rxd6 28.f5 Rd7 29.Qf4
Ng5 30.f6 Bh8 31.Bg1 Rfd8 32.Nxc5 Qc7 33.d6 Qc6 34.Nxd7 Bxd7 35.Re7 Be6 
36.Bc4 Bxc4 37.bxc4 Nh7 38.Rc7 Qa4 39.Rd2 Qa3 40.d7 Bxf6 41.Rc8 Qa5 42.Rd5
Qa3 43.Rxd8+ Bxd8 44.Qb8 1-0

[Event "26th Hoogeveen op"]
[Site "Hoogeveen NED"]
[Date "2023.10.27"]
[Round "8.6"]
[White "De Boer, Eelke"]
[Black "Ernst, Sipke"]
[Result "0-1"]
[WhiteElo "2327"]
[BlackElo "2551"]
[EventDate "2023.10.21"]
[PlyCount "66"]

1.e4 c5 2.Nf3 d6 3.d4 cxd4 4.Nxd4 e6 5.Nc3 Nf6 6.g4 Be7 7.g5 Nfd7 8.h4 a6 
9.Bg2 Qc7 10.h5 Nc6 11.f4 Nb6 12.Nxc6 bxc6 13.b3 O-O 14.Qf3 f6 15.gxf6 
Bxf6 16.Bb2 Be5 17.fxe5 Rxf3 18.Bxf3 Nd7 19.exd6 Qxd6 20.Ne2 e5 21.Rd1 
Qb4+ 22.Bc3 Qe7 23.Ba5 Nf8 24.c4 Ne6 25.Bc3 Ng5 26.Bg2 Bg4 27.Rd3 Ne6 28.
Bf3 Bxf3 29.Rxf3 Nd4 30.Rg3 Rf8 31.Rhh3 c5 32.Bxd4 cxd4 33.Rd3 Qb4+ 0-1

[Event "26th Hoogeveen op"]
[Site "Hoogeveen NED"]
[Date "2023.10.27"]
[Round "8.7"]
[White "Van Foreest, Machteld"]
[Black "Van Kooten, Luuk"]
[Result "1-0"]
[WhiteElo "2266"]
[BlackElo "2255"]
[EventDate "2023.10.21"]
[PlyCount "59"]

1.e4 c5 2.Nf3 d6 3.d4 cxd4 4.Nxd4 Nf6 5.Nc3 a6 6.g3 e6 7.Bg2 Be7 8.Be3 Qc7
9.g4 Nc6 10.g5 Nd7 11.f4 Na5 12.Qe2 Qc4 13.Qf2 g6 14.O-O-O Qc7 15.h4 Nc4 
16.h5 Rf8 17.hxg6 hxg6 18.Rhe1 Ndb6 19.b3 Nxe3 20.Qxe3 Bd7 21.f5 Bxg5 22.
Qxg5 Qxc3 23.Kb1 Rc8 24.fxg6 fxg6 25.e5 d5 26.Rh1 Rc4 27.Rh7 Qb4 28.Bh3 
Na4 29.Bxe6 Bxe6 30.Nxe6 1-0

[Event "26th Hoogeveen op"]
[Site "Hoogeveen NED"]
[Date "2023.10.27"]
[Round "8.8"]
[White "Arnold, Rhys"]
[Black "Kiran, Manisha Mohanty"]
[Result "1/2-1/2"]
[WhiteElo "2087"]
[BlackElo "2034"]
[EventDate "2023.10.21"]
[PlyCount "56"]

1.e4 c5 2.Nf3 d6 3.d4 cxd4 4.Nxd4 Nf6 5.Nc3 Nc6 6.Bg5 e6 7.Qd2 Be7 8.O-O-O
Nxd4 9.Qxd4 O-O 10.h4 Qa5 11.Kb1 Rd8 12.Qd2 Qc7 13.f3 a6 14.Bd3 b5 15.Ne2 
Bb7 16.Nd4 Rac8 17.h5 Ne8 18.Bxe7 Qxe7 19.Nb3 Ba8 20.g4 e5 21.Qe3 Nc7 22.
f4 d5 23.Rde1 exf4 24.Qxf4 dxe4 25.Bxe4 Bxe4 26.Rxe4 Ne6 27.Qf2 Rc4 28.Qe2
Qb7 1/2-1/2

[Event "26th Hoogeveen op"]
[Site "Hoogeveen NED"]
[Date "2023.10.27"]
[Round "8.9"]
[White "Van Helvoort, Rob"]
[Black "Margadgua, Erdenebayar"]
[Result "1/2-1/2"]
[WhiteElo "2105"]
[BlackElo "1848"]
[EventDate "2023.10.21"]
[PlyCount "98"]

1.d4 d5 2.Nf3 Nf6 3.e3 c6 4.c4 e6 5.Nc3 Nbd7 6.Bd3 Bd6 7.O-O O-O 8.Qc2 h6 
9.Re1 dxc4 10.Bxc4 c5 11.dxc5 Bxc5 12.a3 a6 13.b4 Ba7 14.Bb2 b5 15.Bd3 Bb7
16.Qe2 Bb8 17.Red1 Qc7 18.g3 e5 19.e4 Ba7 20.Rac1 Qb6 21.h3 Rac8 22.Rc2 
Rc6 23.Nd5 Rxc2 24.Bxc2 Bxd5 25.exd5 e4 26.Ne5 Qd6 27.Bxe4 Nxe4 28.Qxe4 
Re8 29.Re1 f6 30.Qg6 Rxe5 31.Bxe5 Nxe5 32.Qe4 Qb6 33.Re2 Qd4 34.Qxd4 Bxd4 
35.Kg2 Kf7 36.f4 Nc4 37.Kf3 Bb6 38.Re6 a5 39.bxa5 Bxa5 40.Ra6 Bb6 41.Ke2 
Ke7 42.a4 bxa4 43.Kd3 Nb2+ 44.Kc3 Nd1+ 45.Kd3 Nb2+ 46.Kc2 Nc4 47.Kd1 Nb2+ 
48.Kc2 Nd1 49.Kd3 Nb2+ 1/2-1/2

[Event "26th Hoogeveen op"]
[Site "Hoogeveen NED"]
[Date "2023.10.27"]
[Round "8.10"]
[White "Swati, Ghate"]
[Black "Labruyere, Roger"]
[Result "0-1"]
[WhiteElo "1995"]
[BlackElo "2148"]
[EventDate "2023.10.21"]
[PlyCount "112"]

1.e4 c5 2.c3 Nf6 3.e5 Nd5 4.Nf3 Nc6 5.Bc4 Nb6 6.Bb3 d5 7.exd6 Qxd6 8.d4 
cxd4 9.cxd4 Be6 10.O-O Bxb3 11.Qxb3 e6 12.Nc3 Be7 13.Be3 O-O 14.Rad1 Na5 
15.Qb5 Nac4 16.Bc1 Rac8 17.Qh5 Qb4 18.Ne4 Nd5 19.Rd3 Nd6 20.Nfg5 Bxg5 21.
Nxg5 Nf6 22.Qh3 Nf5 23.d5 Rxc1 24.Rxc1 Qf4 25.Rdc3 Qxg5 26.Rc8 Nd6 27.
Rxf8+ Kxf8 28.Rd1 Nxd5 29.Qa3 Ke7 30.Qxa7 h5 31.Qc5 Qe5 32.Qd4 Qxd4 33.
Rxd4 Kd7 34.Kf1 Kc6 35.Ke2 e5 36.Ra4 Nb5 37.Rc4+ Kd6 38.g3 Nd4+ 39.Kf1 Nc6
40.Ra4 Nb6 41.Ra3 Nc4 42.Rd3+ Nd4 43.b3 Nb6 44.Rc3 f5 45.h4 e4 46.Ke1 Nc6 
47.Ke2 Nd5 48.Rc4 b5 49.Rc1 b4 50.Kd2 Nc3 51.Ke3 Nxa2 52.Rd1+ Ke6 53.Kf4 
Nc3 54.Rd2 Ne5 55.Rd8 Nd5+ 56.Kg5 Nf7+ 0-1

[Event "26th Hoogeveen op"]
[Site "Hoogeveen NED"]
[Date "2023.10.27"]
[Round "8.11"]
[White "Mueer, Sebastian"]
[Black "Kett, Tim"]
[Result "1-0"]
[WhiteElo "2230"]
[BlackElo "2130"]
[EventDate "2023.10.21"]
[PlyCount "53"]

1.d4 Nf6 2.c4 e6 3.Nf3 c5 4.d5 b5 5.dxe6 fxe6 6.cxb5 d5 7.e4 Nxe4 8.Bd3 
Qa5+ 9.Nbd2 c4 10.Bxe4 dxe4 11.O-O exf3 12.Qxf3 Qc7 13.Qxa8 Bb7 14.Qxa7 
Bd6 15.g3 O-O 16.Qe3 Nd7 17.Qxe6+ Kh8 18.Nxc4 Rf6 19.Qe8+ Rf8 20.Qe6 Rf6 
21.Qe8+ Rf8 22.Qe2 Bf3 23.Qd3 Bb4 24.Bd2 Bc5 25.b4 Qc8 26.Rae1 Nb6 27.Ne5 
1-0

[Event "26th Hoogeveen op"]
[Site "Hoogeveen NED"]
[Date "2023.10.27"]
[Round "8.12"]
[White "Maris, Ivo"]
[Black "Slagboom, Leandro"]
[Result "0-1"]
[WhiteElo "2404"]
[BlackElo "2305"]
[EventDate "2023.10.21"]
[PlyCount "90"]

1.e3 d5 2.Nf3 e6 3.b3 Nf6 4.Bb2 c5 5.Bb5+ Bd7 6.a4 a6 7.Bxd7+ Nbxd7 8.O-O 
Be7 9.d3 O-O 10.Re1 b5 11.e4 d4 12.e5 Nd5 13.Nbd2 Qc7 14.a5 Nb4 15.Nf1 Nc6
16.Qe2 Nxa5 17.Ng3 Nc6 18.Qe4 Rfe8 19.Bc1 a5 20.h4 a4 21.Bg5 Bxg5 22.hxg5 
axb3 23.Rxa8 Rxa8 24.cxb3 Ra3 25.Nh5 Nf8 26.Rc1 Qb6 27.Nh2 Nb4 28.Ng4 Qd8 
29.f4 Qe7 30.Kh2 Na2 31.Rh1 Nc3 32.Qf3 Rxb3 33.Qa8 Nd5 34.Ra1 b4 35.Ra7 
Ra3 36.Rxa3 bxa3 37.Qxa3 Nxf4 38.Nxf4 Qxg5 39.Kg3 h5 40.Nxh5 Qxh5 41.Qxc5 
f5 42.Nf2 g5 43.Nh3 Qh4+ 44.Kh2 g4 45.Qxd4 g3+ 0-1

[Event "26th Hoogeveen op"]
[Site "Hoogeveen NED"]
[Date "2023.10.27"]
[Round "8.13"]
[White "Nijdam, Brian"]
[Black "Zecha, Oscar"]
[Result "1/2-1/2"]
[WhiteElo "1918"]
[BlackElo "1838"]
[EventDate "2023.10.21"]
[PlyCount "54"]

1.d4 Nf6 2.Nc3 d5 3.Bf4 c5 4.e3 cxd4 5.exd4 a6 6.Nf3 Nc6 7.Ne5 Bd7 8.Be2 
e6 9.O-O Qb6 10.Nxc6 Bxc6 11.Rb1 Be7 12.Re1 O-O 13.Bf3 Rfd8 14.Ne2 Rac8 
15.c3 Qa5 16.Nc1 Ne8 17.a3 Ba4 18.Qd2 Nd6 19.Bxd6 Bxd6 20.Nd3 Qc7 21.h3 
Be8 22.Re2 Rb8 23.Rbe1 Rdc8 24.Bg4 a5 25.f4 g6 26.f5 exf5 27.Bxf5 Bd7 
1/2-1/2

[Event "26th Hoogeveen op"]
[Site "Hoogeveen NED"]
[Date "2023.10.27"]
[Round "8.14"]
[White "Goudriaan, Rafael"]
[Black "Van Rootselaar, Rik"]
[Result "0-1"]
[WhiteElo "2153"]
[BlackElo "2015"]
[EventDate "2023.10.21"]
[PlyCount "72"]

1.e4 c5 2.Nf3 Nc6 3.d4 cxd4 4.Nxd4 Nf6 5.Nc3 e5 6.Ndb5 d6 7.Nd5 Nxd5 8.
exd5 Nb8 9.a4 a6 10.Na3 Be7 11.Bd2 O-O 12.a5 Nd7 13.Be2 f5 14.Nc4 Qe8 15.
Ra3 Qf7 16.Bb4 Qf6 17.O-O g5 18.Kh1 Rb8 19.Bc3 Qh6 20.Rb3 Nc5 21.Rb6 Na4 
22.Rb3 Nxc3 23.Rxc3 e4 24.Nb6 Bf6 25.Rh3 Qg6 26.f3 exf3 27.Rhxf3 g4 28.Rb3
Bg5 29.Rc3 Bf6 30.Rc4 Be5 31.Bxg4 fxg4 32.Nxc8 Rbxc8 33.Rxf8+ Rxf8 34.Rxg4
Rf1+ 35.Qxf1 Qxg4 36.b3 Qf4 0-1

[Event "26th Hoogeveen op"]
[Site "Hoogeveen NED"]
[Date "2023.10.27"]
[Round "8.15"]
[White "Hoffman, Ron"]
[Black "Duchene, Rene"]
[Result "1/2-1/2"]
[WhiteElo "2032"]
[BlackElo "2065"]
[EventDate "2023.10.21"]
[PlyCount "45"]

1.d4 d5 2.Bf4 c5 3.e3 e6 4.Nd2 Bd6 5.Bb5+ Nc6 6.dxc5 Bxf4 7.exf4 Qf6 8.Ne2
Qxb2 9.Rb1 Qf6 10.c4 Ne7 11.O-O O-O 12.Nf3 dxc4 13.Bxc4 Ng6 14.Qc1 e5 15.
fxe5 Ngxe5 16.Nxe5 Nxe5 17.Bd5 Rd8 18.Bxb7 Bxb7 19.Rxb7 Qa6 20.Qb2 Nd3 21.
Qb3 Qg6 22.Qb5 Qh5 23.Ng3 1/2-1/2

[Event "26th Hoogeveen op"]
[Site "Hoogeveen NED"]
[Date "2023.10.27"]
[Round "8.16"]
[White "Fehr, Axel"]
[Black "Boersma, Jan"]
[Result "1-0"]
[WhiteElo "2011"]
[BlackElo "1997"]
[EventDate "2023.10.21"]
[PlyCount "57"]

1.Nf3 g6 2.c4 Bg7 3.g3 c5 4.Bg2 Nc6 5.O-O Nf6 6.d4 cxd4 7.Nxd4 O-O 8.Nc3 
Qa5 9.Nc2 d6 10.Nd5 Nxd5 11.cxd5 Ne5 12.Bd2 Qb6 13.Bc3 Bd7 14.Bd4 Qa5 15.
f4 Ng4 16.h3 Bxd4+ 17.Qxd4 Nf6 18.e4 Rfc8 19.Rfc1 Qc5 20.Kh2 Qxd4 21.Nxd4 
Be8 22.g4 a6 23.Kg3 Nd7 24.Kf3 Nb6 25.Bf1 Na4 26.b3 Nc5 27.Rc2 Nd7 28.Rac1
Nb6 29.Rc7 1-0

[Event "26th Hoogeveen op"]
[Site "Hoogeveen NED"]
[Date "2023.10.27"]
[Round "8.17"]
[White "Vogel, Jaap"]
[Black "Boer, Alef"]
[Result "1/2-1/2"]
[WhiteElo "2106"]
[BlackElo "2058"]
[EventDate "2023.10.21"]
[PlyCount "29"]

1.d4 Nf6 2.Nf3 e6 3.c4 Nc6 4.g3 d5 5.Bg2 dxc4 6.Qa4 Bb4+ 7.Bd2 Bxd2+ 8.
Nbxd2 O-O 9.Qxc4 Qd5 10.Rc1 Rd8 11.Qxd5 exd5 12.O-O Be6 13.e3 Rdc8 14.a3 
Ne7 15.Ne5 1/2-1/2

[Event "26th Hoogeveen op"]
[Site "Hoogeveen NED"]
[Date "2023.10.28"]
[Round "9.10"]
[White "Van Kooten, Luuk"]
[Black "Arnold, Rhys"]
[Result "1/2-1/2"]
[WhiteElo "2255"]
[BlackElo "2087"]
[EventDate "2023.10.21"]
[PlyCount "69"]

1.d4 d5 2.c4 e6 3.Nc3 a6 4.e4 dxe4 5.Nxe4 Bb4+ 6.Nc3 c5 7.a3 Ba5 8.Be3 Ne7
9.Nf3 O-O 10.Bd3 h6 11.O-O cxd4 12.Nxd4 Bxc3 13.bxc3 e5 14.Nb3 Qc7 15.Qc2 
Bd7 16.f4 Ba4 17.Qb2 exf4 18.Rxf4 Nd7 19.Nd2 Ne5 20.Be2 Rfe8 21.Raf1 N7g6 
22.Bb6 Qe7 23.R4f2 Bc6 24.Bd4 Rac8 25.Qb1 Qg5 26.Nf3 Nxf3+ 27.Bxf3 Bxf3 
28.Rxf3 Re2 29.Rg3 Qe7 30.h4 h5 31.Qf5 Re8 32.Qxh5 Re1 33.Rf3 Rxf1+ 34.
Rxf1 Nxh4 35.Qg4 1/2-1/2

[Event "26th Hoogeveen op"]
[Site "Hoogeveen NED"]
[Date "2023.10.28"]
[Round "9.11"]
[White "Van Rootselaar, Rik"]
[Black "Swati, Ghate"]
[Result "0-1"]
[WhiteElo "2015"]
[BlackElo "1995"]
[EventDate "2023.10.21"]
[PlyCount "128"]

1.d4 Nf6 2.c4 e6 3.g3 d5 4.Bg2 Bb4+ 5.Nd2 O-O 6.Nf3 dxc4 7.Qc2 b5 8.a4 c6 
9.axb5 Bb7 10.Qxc4 Qd6 11.O-O a5 12.bxa6 Bxa6 13.Qb3 Nbd7 14.Ra4 Bxd2 15.
Bxd2 Bxe2 16.Rxa8 Rxa8 17.Bf4 Qf8 18.Rc1 Nd5 19.Qc2 Bb5 20.Bd2 h6 21.h4 
Qb8 22.g4 Nf4 23.Bxf4 Qxf4 24.g5 hxg5 25.hxg5 Nf8 26.Qd2 Ng6 27.Qxf4 Nxf4 
28.Rd1 f6 29.Kh2 Kf7 30.Bf1 Bxf1 31.Rxf1 Rb8 32.Rb1 Rb3 33.Kg3 Ne2+ 34.Kg2
Nf4+ 35.Kg3 Ne2+ 36.Kg2 Rd3 37.gxf6 gxf6 38.b4 Nxd4 39.Nxd4 Rxd4 40.b5 
cxb5 41.Rxb5 Kg6 42.Kf3 e5 43.Rb8 Kf5 44.Rb3 Ra4 45.Rc3 Ra2 46.Rb3 Kg5 47.
Rb5 Ra3+ 48.Ke4 Kg4 49.Rb8 Ra4+ 50.Ke3 Rc4 51.Ra8 Rc1 52.Ra4+ Kg5 53.Ra5 
Re1+ 54.Kf3 f5 55.Ra8 e4+ 56.Kg2 Kg4 57.Ra4 Re2 58.Ra3 f4 59.Kf1 Rb2 60.
Ke1 Rb1+ 61.Kd2 e3+ 62.fxe3 f3 63.Ra8 f2 64.Rg8+ Kh5 0-1

[Event "26th Hoogeveen op"]
[Site "Hoogeveen NED"]
[Date "2023.10.28"]
[Round "9.13"]
[White "Margadgua, Erdenebayar"]
[Black "Fehr, Axel"]
[Result "1/2-1/2"]
[WhiteElo "1848"]
[BlackElo "2011"]
[EventDate "2023.10.21"]
[PlyCount "81"]

1.e4 c5 2.Nc3 e6 3.f4 d5 4.Nf3 Nc6 5.Bb5 Ne7 6.exd5 exd5 7.Qe2 Qd6 8.Ne5 
Be6 9.O-O g6 10.Bxc6+ bxc6 11.Qa6 Bc8 12.Qe2 Bg7 13.d3 O-O 14.Qf2 Nf5 15.
Na4 f6 16.Nf3 d4 17.Nd2 Ne3 18.Ne4 Qe7 19.Bxe3 dxe3 20.Qxe3 f5 21.Qxc5 Qd7
22.Qc4+ Kh8 23.Ng5 h6 24.Nf3 Qd6 25.Rae1 Rb8 26.c3 c5 27.Nxc5 Rxb2 28.Rf2 
Qb6 29.Rxb2 Qxb2 30.d4 Qb6 31.h3 Qd6 32.Ne5 Kh7 33.Re3 g5 34.fxg5 hxg5 35.
Nf3 Qf4 36.Re7 g4 37.Nd3 Qh6 38.hxg4 fxg4 39.Nfe5 Qe3+ 40.Kh2 Qh6+ 41.Kg3 
1/2-1/2